000 01719nam a2200397 a 4500
001 ebr10018380
003 CaPaEBR
006 m u
007 cr cn|||||||||
008 000516s2000 inua sb s001 0 eng
010 _z 00040743
020 _z9780253109484
020 _z025333814X (alk. paper)
040 _aCaPaEBR
_cCaPaEBR
035 _a(OCoLC)137260718
050 1 4 _aPR2248
_b.W48 2000eb
082 0 4 _a821/.3
_221
100 1 _aWiggins, Peter DeSa.
245 1 0 _aDonne, Castiglione, and the poetry of courtliness
_h[electronic resource] /
_cPeter DeSa Wiggins.
260 _aBloomington :
_bIndiana University Press,
_cc2000.
300 _aviii, 174 p. :
_bill.
504 _aIncludes bibliographical references (p. [153]-169) and index.
533 _aElectronic reproduction.
_bPalo Alto, Calif. :
_cebrary,
_d2013.
_nAvailable via World Wide Web.
_nAccess may be limited to ebrary affiliated libraries.
600 1 0 _aCastiglione, Baldassarre,
_cconte,
_d1478-1529
_xInfluence.
600 1 0 _aCastiglione, Baldassarre,
_cconte,
_d1478-1529.
_tLibro del cortegiano.
600 1 0 _aDonne, John,
_d1572-1631
_xKnowledge
_xLiterature.
600 1 0 _aDonne, John,
_d1572-1631
_xPolitical and social views.
650 0 _aCourtesy in literature.
650 0 _aCourts and courtiers in literature.
650 0 _aEnglish poetry
_xItalian influences.
650 0 _aPolitical poetry, English
_xHistory and criticism.
650 0 _aPolitics and literature
_zGreat Britain
_xHistory
_y17th century.
655 7 _aElectronic books.
_2local
710 2 _aebrary, Inc.
856 4 0 _uhttp://site.ebrary.com/lib/rucke/Doc?id=10018380
_zAn electronic book accessible through the World Wide Web; click to view
999 _c12471
_d12471